000 00806nam a2200229 a 4500
001 000028241
003 OSt
005 20240229073821.0
008 110407s2000 dr c 000 0 spa d
040 _aDO-SdBNP
_bspa
_cBNPHU
049 _aBNPD
082 _axxxx
110 1 _aRepública Dominicana.
_bSuprema Corte de Justicia.
_bDepartamento de Capacitación
_955236
245 1 0 _aCursos de capacitación 1999 /
_cJorge A. Subero Isa, Rafael Camilo Amarante, Zoraya Lisette Castellanos.
260 _aSanto Domingo :
_bSuprema Corte de Justicia,
_c2000.
300 _av. :
_bretrs. ;
_c21 cm.
500 _aLa biblioteca posee el v. 2
700 1 2 _aSubero Isa, Jorge A.,
_d1947-
_976863
700 1 2 _aCamilo Amarante, Rafael
_955237
700 1 2 _aCastellanos, Zoraya Lisette
_955238
942 _2ddc
_cLBS1
999 _c27733
_d27733